Tony Blair : Prime Minister

Bibliographic Details
Main Author: Rentoul, John
Format: Book
Published: London : Time Warner Paperbacks , 2001
Subjects:

MARC

LEADER 00000cam a2200000 7i4500
001 0000067447
005 20080523.0
020 |a 0751530824 
090 0 0 |a 920   |b REN 
100 1 |a Rentoul, John 
245 1 0 |a Tony Blair :   |b Prime Minister   |c John Rentoul 
260 |a London :   |b Time Warner Paperbacks ,   |c 2001 
300 |a 628p. ;   |c 20cm. 
600 0 0 |a Blair, Tony ,   |d 1953- 
650 0 0 |a Prime ministers 
650 0 0 |a Prime Minister   |z Great Britain   |x Biography 
999 |a 00154818   |b BUKU   |c PINJAMAN   |e PERPUSTAKAAN KOMUNITI PETALING JAYA